000 00418nam a2200157Ia 4500
008 210716s2005 xx 000 0 und d
020 _a8129703262
041 _aeng
082 _a005.73 BANS
100 _aBandyopadhyay, Samir Kumar; Dey, Kashi Nath.
245 _aData structures using c.
250 _a1
260 _aNew Delhi
_bPearson Education
_c2005
300 _ax,312
650 _aData Structures(005.73)
999 _c187570
_d187570